মহাস্থান, ময়নামতী পাহারপুর / (Record no. 26473)

MARC details
000 -LEADER
fixed length control field 00917nam a22001937a 4500
003 - CONTROL NUMBER IDENTIFIER
control field BDDh-ASL
005 - DATE AND TIME OF LATEST TRANSACTION
control field 20231015030641.0
008 - FIXED-LENGTH DATA ELEMENTS--GENERAL INFORMATION
fixed length control field 211011s19791966bg ||||| |||| 00| 0 b d
040 ## - CATALOGING SOURCE
Transcribing agency BDDh-ASL
082 ## - DEWEY DECIMAL CLASSIFICATION NUMBER
Classification number 930.15492
Item number AHM
100 1# - MAIN ENTRY--PERSONAL NAME
9 (RLIN) 4912
Personal name আহমেদ, নাজিমুদ্দীন
Titles and words associated with a name ডক্টর
245 1# - TITLE STATEMENT
Title মহাস্থান, ময়নামতী পাহারপুর /
246 ## - VARYING FORM OF TITLE
Title proper/short title Mohasthan, Maynamati Paharpur
260 ## - PUBLICATION, DISTRIBUTION, ETC.
Place of publication, distribution, etc. ঢাকা:
Name of publisher, distributor, etc. প্রত্নতত্ত্ব ও যাদুঘর বিভাগ, বাংলাদেশ সরকারী মুদ্রণালয়,
Date of publication, distribution, etc. ১৯৭৯।
300 ## - PHYSICAL DESCRIPTION
Extent ৯২ পৃষ্ঠা, :
Dimensions ২৫ সে. মি.
Other physical details ছবি;
650 #0 - SUBJECT ADDED ENTRY--TOPICAL TERM
9 (RLIN) 399
Topical term or geographic name entry element প্রত্নতত্ত্ব, Excavations (Archaeology)
General subdivision বাংলাদেশ Bangladesh.
650 #0 - SUBJECT ADDED ENTRY--TOPICAL TERM
9 (RLIN) 3061
Topical term or geographic name entry element Ancient History
942 ## - ADDED ENTRY ELEMENTS (KOHA)
Source of classification or shelving scheme Dewey Decimal Classification
Koha item type Books
Holdings
Withdrawn status Lost status Source of classification or shelving scheme Damaged status Not for loan Collection code Home library Current library Shelving location Date acquired Source of acquisition Total Checkouts Full call number Barcode Date last seen Copy number Price effective from Koha item type Public note
    Dewey Decimal Classification     Non-fiction Asiatic Society Library Asiatic Society Library General Stacks 10/11/2021 Donated by Prof. (Dr.) M. Abdul Qayyum & Dr. Razia Sultana   930.15492 AHM 112500 10/11/2021 C-1 10/11/2021 Books RARE

Powered by Koha